Geografi Efter Bokstav - A - Statistics

General Stats
  • This quiz has been taken 228 times
    206 since last reset
  • The average score is 13 of 20
Answer Stats
Ledtråd Svar % Correct
Här hittar du kängurur Australien
97%
Stockholms största flygplats Arlanda
93%
Bergskedja där Schweiz ligger Alperna
92%
Messis land Argentina
90%
Land på Balkan Albanien
87%
Nederländernas huvudstad Amsterdam
86%
En book med kartor Atlas
85%
Sydamerikas längsta flod Amazon
82%
USA:s största stat i yta Alaska
72%
Bergskedja som täcker den västra kusten av Sydamerika Anderna
63%
Där demokratins var född Aten
60%
Afrikansk land som pratar portugisiska Angola
57%
Den största förintelselägen under Andra världskriget Auschwitz
52%
Språk med ungefär 300 miljoners talare Arabiska
50%
Sydafrikansk språk som har sin ursprung från nederländska Afrikaans
48%
Detta land var invaderade av Sovjetunionen i 1979 Afghanistan
45%
Bergig region av södra Spanien Andalusien
35%
Paraguays huvudstad Asunción
29%
Bergskedja som täcker östra kusten av USA och Kanada Appalacherna
23%
Ett annat ord för en ögrupp Arkipelag
23%
No matching quizzes found
Score Distribution
Percent of People with Each Score
Percentile by Number Answered
Your Score History
You have not taken this quiz since the last reset